|
|
|
|
| LEADER |
01356nam a2200373 a 4500 |
| 001 |
000700254 |
| 003 |
CZ BrMZK |
| 005 |
20070425134331.0 |
| 007 |
ta |
| 008 |
031215s2003 xr e 000 1 cze d |
| 015 |
|
|
|a cnb001281562
|
| 020 |
|
|
|a 80-204-1040-6
|q (váz.)
|
| 035 |
|
|
|a (OCoLC)56854862
|
| 040 |
|
|
|a BOA001
|c ze
|d BOA001
|
| 041 |
1 |
|
|a cze
|h fre
|
| 072 |
|
7 |
|a 821.133.1-3
|x Francouzská próza, francouzsky psaná
|2 Konspekt
|9 25
|
| 080 |
|
|
|a 821.133.1-31
|2 MRF
|
| 080 |
|
|
|a (0:82-311.5)
|2 MRF
|
| 100 |
1 |
|
|a Page, Martin,
|d 1975-
|7 xx0012088
|4 aut
|
| 245 |
1 |
0 |
|a Jak jsem se stal hlupákem /
|c Martin Page ; přeložil Alan Beguivin
|
| 250 |
|
|
|a 1. vyd.
|
| 260 |
|
|
|a Praha :
|b Mladá fronta,
|c 2003
|
| 300 |
|
|
|a 131 s. ;
|c 21 cm
|
| 490 |
1 |
|
|a Román ;
|v sv. 20
|
| 500 |
|
|
|a Přeloženo z francouzštiny
|
| 655 |
|
7 |
|a francouzské romány
|7 fd132289
|2 czenas
|
| 655 |
|
7 |
|a humoristické romány
|7 fd132431
|2 czenas
|
| 700 |
1 |
|
|a Beguivin, Alan,
|d 1974-
|7 xx0012437
|4 trl
|
| 765 |
0 |
|
|t Comment je suis devenu stupide
|9 Česky
|
| 830 |
|
0 |
|a Román (Mladá fronta)
|0 s
|
| 856 |
4 |
1 |
|u http://www.digitalniknihovna.cz/mzk/uuid/uuid:bae9b4c0-f78b-11e3-b4ad-005056827e51
|y Digitalizovaný dokument
|x NDK
|
| 910 |
|
|
|a BOA001
|b 2-1128.003
|
| 990 |
|
|
|a BK
|
| 996 |
6 |
|
|b 2610206482
|c 2-1128.003
|l MZK
|r Sklad / do 1 hodiny
|n 0
|p p.v.
|w 000700254
|u 000010
|a 1
|e BOA001
|j MZK50
|s P
|